| 000 | 00615nam a22001935i 4500 | ||
|---|---|---|---|
| 001 | 47952 | ||
| 003 | ES-MaACL | ||
| 005 | 20230906161652.0 | ||
| 007 | t| | ||
| 008 | 950206s1885 fr ||||1| fre d | ||
| 040 |
_aCAM _bspa _cCCPB | PA2 |
||
| 100 | 1 |
_aCourier, Paul-Louis ( _d1772-1825) _941272 |
|
| 245 | 1 | 0 |
_aOeuvres de Paul Louis Courier _b: précédés d'un essai sur la vie et les écrits de l'auteur / _cpar Armand Carrel. |
| 250 | _aNouvelle éd. | ||
| 260 |
_aParis : _b[s.n.], _c1885 ( _fE. Caproinont) |
||
| 300 |
_a583 p. ; _c18 cm. |
||
| 700 | 1 |
_aCarrel, Armand. _935610 |
|
| 852 |
_aES-MaACL _jD-828 |
||
| 999 |
_c47952 _d47952 |
||